00950nam a2200313Ia 4500008004000000020001800040041000800058082001300066100001700079245009700096250000500193260005000198300001200248650000800260650001600268650001400284650000900298650001400307650001700321650001800338650000800356650000700364650000900371650000600380690002800386906001100414999001900425952019200444210210b2019 xxu||||| |||| 00| 0 eng d a9788120780781 aeng a327 JOHI aJOHARI (J C) aInternational relations and politics: theoretical perspectives in the post cold war era Ed 4 a aNew DelhibSterling publishers pvt ltd.c2019 axix,620 awar atheoretical arelations apost apolitics: aperspectives aInternational aera aEd acold a4 aInternational Relations a073906 c123622d123622 001040708Political ScienceaALbALcPolitical Scienced2021-02-17eBiblios Book Point, Surathkal-575014g400.00l3m1o327 JOHIp073906r2024-09-21 00:00:00s2024-09-13w2021-02-17yBK